| 000 | 00598nam a22001937a 4500 | ||
|---|---|---|---|
| 999 |
_c14718 _d14718 |
||
| 003 | AR-CdUCM | ||
| 008 | 190424b ||||| |||| 00| 0 spa d | ||
| 020 | _a978-607-32-3628-7 | ||
| 040 |
_aMUNICIPALIDAD PROVINCIAL DEL CUSCO _cBIBLIOTECA MUNICIPAL DEL CUSCO |
||
| 082 |
_aPI / 376 / _bM26 |
||
| 100 |
_aMartínez, Constanza _926613 |
||
| 245 | _aEl nacimiento del canto / | ||
| 260 |
_aMéxico : _bPearson, _c2016. |
||
| 300 |
_a28 páginas ; _bIlustraciones, _c20 cm. |
||
| 650 |
_aLiteratura infantil _9588 |
||
| 700 |
_aYcaza, Roger _933587 |
||
| 942 |
_2ddc _cLIBROS |
||
| 945 |
_aacv _d2019-04-24 |
||